000 00235nam a22000977a 4500
008 140109t xxu||||| |||| 00| 0 eng d
100 _aHazrat Data Ganj Bakhsh Hajweri
_9603
245 _aKashaf al Mahjoob
300 _a340
942 _2ddc
_cBK
999 _c16866
_d16866